| 000 | 00345 a2200133 4500 | ||
|---|---|---|---|
| 005 | 20250416101639.0 | ||
| 020 | _a978-9976-78-085-7 | ||
| 082 | _a657.307 NBA | ||
| 111 | _aNBAA | ||
| 245 | _aB5 Performance Management : Study Text Intermediate level | ||
| 260 |
_aDar es Salaam, _bNBAA, _c2019. |
||
| 300 |
_a575P.: ill.; _c29cm |
||
| 942 |
_2ddc _cBKS |
||
| 999 |
_c1508 _d1508 |
||